| 000 | 00749nam a2200253Ia 4500 | ||
|---|---|---|---|
| 003 | OSt | ||
| 005 | 20220926002543.0 | ||
| 006 | a|||||r|||| 00| 0 | ||
| 007 | ta | ||
| 008 | 220923b |||||||| |||| 00| 0 eng d | ||
| 020 |
_a9788123710075 _c72.25 |
||
| 037 |
_b758, 23/08/2013, Pranami Book Service _cGeneral Book |
||
| 040 |
_aRTL _cRTL _beng |
||
| 041 |
_2eng _aeng |
||
| 082 | _aU2.2, P3/FYUP | ||
| 100 |
_aMATHUR S.M. _9306029 |
||
| 245 | 0 | _aPhysical geology of India | |
| 250 | _a2 | ||
| 260 |
_a New Delhi _bNational Book Trust _c2002 |
||
| 300 |
_axviii, 222p _ccm. |
||
| 650 | _aGeography | ||
| 942 |
_hU2.2, P3/FYUP _cGB _2CC |
||
| 999 |
_c605394 _d605394 |
||